| 000 | 00994nam a2200313 i 4500 | ||
|---|---|---|---|
| 999 |
_c200443311 _d61523 |
||
| 001 | 200443311 | ||
| 003 | TR-AnTOB | ||
| 005 | 20251208142615.0 | ||
| 007 | ta | ||
| 008 | 981012s1996 tu 000 0 tur d | ||
| 035 | _a(TR-AnTOB)200443311 | ||
| 040 |
_aTR-AnTOB _beng _erda _cTR-AnTOB |
||
| 041 | 0 | _atur | |
| 050 | 4 |
_aHD2346.T9 _bK63 1996 |
|
| 090 |
_aTOBBK HD2346.T9 _bK63 1996 |
||
| 245 | 1 | 0 | _aKOBİ eylem planı (1996-2000). |
| 264 | 1 |
_aAnkara : _bDevlet Planlama Teşkilatı, _c1996. |
|
| 300 |
_a161 pages ; _c30 cm |
||
| 336 |
_atext _btxt _2rdacontent |
||
| 337 |
_aunmediated _bn _2rdamedia |
||
| 338 |
_avolume _bnc _2rdacarrier |
||
| 650 | 0 |
_aKüçük işletme _zTürkiye _991956 |
|
| 650 | 7 |
_aKüçük işletmeler _zTürkiye _xDevlet politikası _2etuturkob _975109 |
|
| 650 | 0 |
_aEndüstri politikası _zTürkiye _952443 |
|
| 710 | 2 |
_aDevlet Planlama Teşkilatı (Türkiye) _934114 |
|
| 942 |
_2z _cBK |
||